| 000 | 00826nam a2200217Ia 4500 | ||
|---|---|---|---|
| 001 | b437-23796 [2611] | ||
| 003 | IT-MiCISF | ||
| 008 | 161014s9999||||xx |||||||||||||| ||und|| | ||
| 040 |
_aIT-MiCISF _cIT-MiCISF |
||
| 041 | _ait | ||
| 100 | _aBidoli Marin Maria Teresa | ||
| 245 | 0 |
_aSessualità è ricerca _bInsegnanti e genitori coinvolti in un itinerario sperimentale di educazione sessuale nella scuola |
|
| 250 | _a1a ed. | ||
| 260 |
_aBologna _bDehoniane _c1977 |
||
| 300 | _app. 260 | ||
| 500 | _aDeotto Perissin G., Deotto M.T., Forte B., Moroldo G., Pitton R., Ragogna Forte G., Riolino Moroldo O., Solaria Adami R.M. / sessualità, educazione-sessuale, amore, comportamento-sessuale, corpo, comunicazione, legge / | ||
| 650 | _asessualità | ||
| 700 | _aAA.VV. | ||
| 942 | _cBK | ||
| 957 | _71 | ||
| 999 |
_a23796 _bsi _g1 _c212898 _d212898 |
||